music trivia: 1990 songs and artists - Statistics

General Stats
  • This quiz has been taken 166 times
    154 since last reset
  • The average score is 7 of 15
Answer Stats
This 1990 song was performed... ...by this 1990 artist or group % Correct
Vogue Madonna
91%
U Can't Touch This M.C. Hammer
88%
Freefallin' Tom Petty
88%
We Didn't Start the Fire Billy Joel
78%
Blaze of Glory Jon Bon Jovi
69%
More Than Words Extreme
57%
Hold On Wilson Phillips or En Vogue
51%
Black Velvet Alannah Miles
39%
Tom's Diner Suzanne Vega
32%
The King of Wishful Thinking Go West
27%
I Wanna Be Adored The Stone Roses
17%
Birdhouse in Your Soul They Might Be Giants
11%
Real Real Gone Van Morrison
3%
Timeless Melody The La's
2%
Yesterday Girl The Smithereens
2%
No matching quizzes found
Score Distribution
Percent of People with Each Score
Percentile by Number Answered
Your Score History
You have not taken this quiz since the last reset